000 00364 a2200169 4500
001 190682
020 _a978-85-01-08998-4
040 _cMagnum
100 _aCornwell, Bernard
240 1 0 _aTerra em chamas
_lpor
245 1 0 _aTerra em chamas
300 _a376
362 0 _a2010
440 1 _aRecord
697 _aLITERATURA GERAL ESTRANGEIRA
942 _cBK
999 _c190682
_d190682